[Event "TUN-chTB"]
[Site "Hammamet"]
[Date "2019.03.10"]
[Round "5.2"]
[White "Tkitek, Walid1111"]
[Black "Mehamdi, Ridha"]
[Result "1/2-1/2"]
[WhiteElo "2005"]
[BlackElo "1816"]
[PlyCount "41"]
[EventDate "2019.02.09"]
[EventType "team-tourn"]
[EventRounds "11"]
[EventCountry "TUN"]
[SourceTitle "EXT 2021"]
[Source "ChessBase"]
[SourceDate "2020.10.23"]
[SourceVersion "1"]
[SourceVersionDate "2020.10.23"]
[SourceQuality "1"]

1. e4 e6 2. d4 d5 3. Nd2 Nf6 4. e5 Nfd7 5. Bb5 c6 6. Ba4 b5 7. Bb3 c5 8. c3 Nc6 9. Ndf3 Be7 10. Ne2 g5 11. Be3 c4 12. Bc2 Nf8 13. g4 h5 14. Rg1 h4 15. Qd2 Rg8 16. Rf1 Rb8 17. b3 a5 18. Neg1 b4 19. cxb4 axb4 20. Nh3 cxb3 21. axb3 1/2-1/2

[Event "TUN-chTB"]
[Site "Hammamet"]
[Date "2019.03.09"]
[Round "4.1"]
[White "Messaoudi, Med Al Fethi"]
[Black "Mehamdi, Ridha"]
[Result "1/2-1/2"]
[WhiteElo "1848"]
[BlackElo "1816"]
[PlyCount "41"]
[EventDate "2019.02.09"]
[EventType "team-tourn"]
[EventRounds "11"]
[EventCountry "TUN"]
[SourceTitle "EXT 2021"]
[Source "ChessBase"]
[SourceDate "2020.10.23"]
[SourceVersion "1"]
[SourceVersionDate "2020.10.23"]
[SourceQuality "1"]

1. e4 e5 2. Nf3 Nc6 3. Bc4 Bc5 4. b4 Bxb4 5. c3 Bc5 6. d4 exd4 7. cxd4 Bb4+ 8. Nbd2 d6 9. 0-0 Nf6 10. e5 dxe5 11. dxe5 Ng4 12. h3 h5 13. Qb3 Qe7 14. Bb5 Be6 15. Qa4 Bd5 16. a3 Bc5 17. hxg4 hxg4 18. Bxc6+ Bxc6 19. Qxg4 Bd7 20. Qg3 Rh5 21. Ne1 1/2-1/2

[Event "TUN-chTB"]
[Site "Hammamet"]
[Date "2019.02.10"]
[Round "2.1"]
[White "Gasmi, Walid"]
[Black "Mehamdi, Ridha"]
[Result "0-1"]
[WhiteElo "1892"]
[BlackElo "1816"]
[PlyCount "88"]
[EventDate "2019.02.09"]
[EventType "team-tourn"]
[EventRounds "11"]
[EventCountry "TUN"]
[SourceTitle "EXT 2021"]
[Source "ChessBase"]
[SourceDate "2020.10.23"]
[SourceVersion "1"]
[SourceVersionDate "2020.10.23"]
[SourceQuality "1"]

1. e4 e6 2. Nf3 d5 3. Nc3 Nf6 4. e5 Nfd7 5. d4 a6 6. Bd3 c5 7. dxc5 Bxc5 8. 0-0 Nc6 9. Bf4 Ne7 10. Ng5 Ng6 11. Bxg6 hxg6 12. Qg4 Nf8 13. Rad1 Be7 14. Nce4 f5 15. exf6 gxf6 16. Qg3 fxg5 17. Bc7 Qd7 18. Rfe1 Qc6 19. Qe5 Rh7 20. Nc3 Nd7 21. Qxe6 Qxe6 22. Rxe6 Nf6 23. Re2 Kf8 24. Nxd5 Nxd5 25. Rxd5 Bf5 26. c3 Rc8 27. Ba5 Rc5 28. Ree5 Rxd5 29. Rxd5 Be6 30. Rd3 Bxa2 31. Rd7 Rf7 32. Rxb7 Rf5 33. Bb4 Bxb4 34. Rxb4 Rb5 35. Rxb5 axb5 36. Kf1 Ke7 37. Ke2 Kd6 38. Kd3 Kd5 39. h3 Bb1+ 40. Kd2 Kc4 41. Kc1 Bf5 42. f3 Kb3 43. g4 Bd3 44. Kd2 Bf1 0-1